Adams and Victor's principles of neurology / (Record no. 305)

000 -LEADER
fixed length control field 02054nam a22004937a 4500
001 - CONTROL NUMBER
control field 1066088226
003 - CONTROL NUMBER IDENTIFIER
control field OCoLC
005 - DATE AND TIME OF LATEST TRANSACTION
control field 20210419073942.0
008 - FIXED-LENGTH DATA ELEMENTS--GENERAL INFORMATION
fixed length control field 181120s2019 xx 000 0 eng d
020 ## - INTERNATIONAL STANDARD BOOK NUMBER
International Standard Book Number 0071842616
020 ## - INTERNATIONAL STANDARD BOOK NUMBER
International Standard Book Number 9780071842617
035 ## - SYSTEM CONTROL NUMBER
System control number (OCoLC)1066088226
040 ## - CATALOGING SOURCE
Original cataloging agency YDX
Language of cataloging eng
Transcribing agency YDX
049 ## - LOCAL HOLDINGS (OCLC)
Holding library YYEA
-- VZYM
080 ## - UNIVERSAL DECIMAL CLASSIFICATION NUMBER
Universal Decimal Classification number 616.8
Item number A-20
096 ## - LOCALLY ASSIGNED NLM-TYPE CALL NUMBER (OCLC)
Classification number WL 100 R785a 2019
100 1# - MAIN ENTRY--PERSONAL NAME
Personal name Ropper, Allan H.
245 10 - TITLE STATEMENT
Title Adams and Victor's principles of neurology /
Statement of responsibility, etc. Allan H. Ropper, Martin A. Samuels, Joshua P. Klein, Shashank Prasad.
246 3# - VARYING FORM OF TITLE
Title proper/short title Principles of neurology.
250 ## - EDITION STATEMENT
Edition statement 11th ed.
260 ## - PUBLICATION, DISTRIBUTION, ETC.
Place of publication, distribution, etc. [S.l.] :
Name of publisher, distributor, etc. McGraw-Hill Education,
Date of publication, distribution, etc. c2019.
300 ## - PHYSICAL DESCRIPTION
Extent 1653 p.
Dimensions ill
500 ## - GENERAL NOTE
General note EINSTEIN: available online via AccessNeurology. See Reference staff for assistance.
500 ## - GENERAL NOTE
General note EINSTEIN & MMC: available online via AccessMedicine. See Reference staff for assistance.
500 ## - GENERAL NOTE
General note Preview chapters as viewed Dec. 30, 2018.
590 ## - LOCAL NOTE (RLIN)
Local note c.1 10072998 Ritt 5/30 2019 $225.00.
650 12 - SUBJECT ADDED ENTRY--TOPICAL TERM
Topical term or geographic name entry element Nervous System Diseases.
650 10 - SUBJECT ADDED ENTRY--TOPICAL TERM
Topical term or geographic name entry element Neurology
9 (RLIN) 100
650 22 - SUBJECT ADDED ENTRY--TOPICAL TERM
Topical term or geographic name entry element Mental Disorders.
650 22 - SUBJECT ADDED ENTRY--TOPICAL TERM
Topical term or geographic name entry element Neurologic Manifestations.
653 ## - INDEX TERM--UNCONTROLLED
Uncontrolled term ნერვული სისტემა
653 ## - INDEX TERM--UNCONTROLLED
Uncontrolled term ნევროლოგია
653 ## - INDEX TERM--UNCONTROLLED
Uncontrolled term მედიცინა
655 #7 - INDEX TERM--GENRE/FORM
Genre/form data or focus term Electronic books.
700 1# - ADDED ENTRY--PERSONAL NAME
Personal name Samuels, Martin A.
700 1# - ADDED ENTRY--PERSONAL NAME
Personal name Klein, Joshua P.
700 1# - ADDED ENTRY--PERSONAL NAME
Personal name Prasad, Shashank.
710 2# - ADDED ENTRY--CORPORATE NAME
Corporate name or jurisdiction name as entry element AccessNeurology (Online Service)
710 2# - ADDED ENTRY--CORPORATE NAME
Corporate name or jurisdiction name as entry element AccessMedicine (Online Service)
856 40 - ELECTRONIC LOCATION AND ACCESS
Materials specified AccessNeurology
Uniform Resource Identifier <a href="https://elibrary.einsteinmed.org/login?url=https://neurology.mhmedical.com/book.aspx?bookID=1477 ">https://elibrary.einsteinmed.org/login?url=https://neurology.mhmedical.com/book.aspx?bookID=1477 </a>
Public note EINSTEIN: AccessNeurology ebook collection
856 40 - ELECTRONIC LOCATION AND ACCESS
Materials specified AccessMedicine
Uniform Resource Identifier <a href="https://elibrary.einsteinmed.org/login?url=https://accessmedicine.mhmedical.com/book.aspx?bookid=1477 ">https://elibrary.einsteinmed.org/login?url=https://accessmedicine.mhmedical.com/book.aspx?bookid=1477 </a>
Public note EINSTEIN: AccessMedicine ebook collection
856 41 - ELECTRONIC LOCATION AND ACCESS
Materials specified AccessMedicine
Uniform Resource Identifier <a href="https://accessmedicine.mhmedical.com/book.aspx?bookid=1477 ">https://accessmedicine.mhmedical.com/book.aspx?bookid=1477 </a>
Public note MMC: AccessMedicine ebook collection
942 ## - ADDED ENTRY ELEMENTS (KOHA)
Source of classification or shelving scheme
Koha item type Books
Holdings
Withdrawn status Lost status Source of classification or shelving scheme Damaged status Not for loan Permanent location Current location Date acquired Inventory number Full call number Barcode Date last seen Price effective from Koha item type Total Checkouts
          Ken Walker International University Ken Walker International University 11/20/2020 1002 616.8 A-20 1002 11/20/2020 11/20/2020 Books  
          Ken Walker International University Ken Walker International University 11/20/2020 1003 616.8 A-20 1003 11/20/2020 11/20/2020 Books  

Powered by Koha